000 00551nam a2200205Ia 4500
003 OSt
005 20230408113706.0
008 210423s2009 xx 000 0 und d
020 _a9788176258715
040 _cAL
041 _aeng
082 _a809.93592 SINR
_223
100 _aSINGH (R A).
_982861
245 _aThree novels of Anita Desai: a critical spectrum.
260 _aJaipur
_bBook Enclave
_c2009
300 _avi,135
_bHB
365 _b425
_cINR
906 _aanita ; critical ; desai: ; novels ; spectrum. ; Three
942 _2ddc
_cBK
999 _c158635
_d158635